000 00408nab a2200145Ia 4500
003 ES-SlBCS
005 20210601131734.0
008 140529s1952 xxu||||| |||| 00| 0 fre d
041 _afre
100 1 _aVignaux, Paul
_911521
245 0 0 _aLes syndicats et l'expérience
_c Paul Vignaux
650 0 4 _aSindicatos
_9170146
773 0 _tVie Intelectuelle (La)
_gnº. 6, 1952, págs. 77-78
_wRev907
942 _cAR
999 _c567952
_d567952